| 000 | 01559nam a2200517 a 4500 | ||
|---|---|---|---|
| 001 | 22337 | ||
| 003 | VRT | ||
| 005 | 20260326143550.0 | ||
| 008 | 240314s2014 xo g 000 f slo | ||
| 015 | _aSNBA2014/09 | ||
| 020 |
_a9788055138619 _q(brož.) |
||
| 035 | _aE9FDF792-704D-45F3-8E03-8AF55A3C80DA | ||
| 035 | _aurn:nbn:sk:snk-am3h6j7 | ||
| 035 | _aurn:nbn:sk:snk-am008yzy | ||
| 039 | 9 |
_a202403140946 _bVLOAD _c201806011100 _dVLOAD _c201604291401 _dVLOAD _c201604271727 _dVLOAD |
|
| 040 |
_aPOKPOH _bslo _cPOKPOH _dSNK _eAACR2 |
||
| 041 | 0 | _aslo | |
| 044 |
_axo _cSK |
||
| 072 | 7 |
_a821.162.4-3 _xSlovenská próza _2konspekt |
|
| 080 |
_a821.162.4-31 _22001 |
||
| 100 | 1 |
_aBoldišová, Andrea _4aut |
|
| 245 | 1 | 0 |
_aStratená rovnováha _cAndrea Boldišová |
| 260 |
_aBratislava _bIkar _c2014 |
||
| 300 |
_a301 s. _c17 cm |
||
| 490 | 1 | _aPríbehy z kabelky | |
| 655 | 7 |
_aslovenské romány _2SNKPH |
|
| 655 | 7 |
_aSlovak fiction _2SNKPHeng |
|
| 830 | 0 | _aPríbehy z kabelky | |
| 910 | _apokpoh | ||
| 910 | _avthk | ||
| 910 | _asvkbb | ||
| 910 | _asllk | ||
| 910 | _apppk | ||
| 910 | _askpk | ||
| 910 | _attkjf | ||
| 910 | _asnk | ||
| 910 | _abjkdg | ||
| 910 | _atotk | ||
| 910 | _ahevk | ||
| 942 |
_2ddc _cKLDO _n0 |
||
| 949 |
_6273K0579705 _asvkpoA 222793 _bsvkpo577826 |
||
| 949 |
_62889213873 _asavukPV 19525 _bsavuk2014/3487 |
||
| 949 |
_6270001000459799 _asvkbbA 142325 _bsvkbbm 746845 |
||
| 949 |
_617A1115484 _asnkSD 83482 _bsnk2014/18383 _o1865/14 _s6100:20140925 |
||
| 949 |
_617A1115485 _asnkSD 83482 D1 _bsnk2014/18384 _o1865/14 |
||
| 999 |
_c22337 _d22337 |
||